Alexandre et l'Asie: histoire d'un legs spirituel

Gorde:
Xehetasun bibliografikoak
Egile nagusia: Altheim, Franz (Egilea)
Formatua: Liburua
Hizkuntza:frantsesa
Argitaratua: París Payot 1954
Saila:Bibliothèque Historique
Gaiak:
Etiketak: Etiketa erantsi
Etiketarik gabe, Izan zaitez lehena erregistro honi etiketa jartzen!

MARC

LEADER 00000nam a2200000 a 4500
001 UCP9485
003 CL-VaPUC
008 000324e19540000FR |||||||||||||||||fre|d
082 0 4 |a 938.07  |b ALT  |2 21 
100 0 |a Altheim, Franz  |e author  |9 440098 
245 1 0 |a Alexandre et l'Asie: histoire d'un legs spirituel 
300 |a 421 p 
942 |c BK 
945 |d 20000324 00:00:00  |a rherrera 
260 |a París  |b Payot  |c 1954 
600 0 |a Magno, Alejandro  |9 318232 
650 0 |a Historia antigua  |9 267521 
650 7 |a GRECIA  |2 CL-VaPUC  |9 415287 
650 7 |a CONQUISTAS  |2 CL-VaPUC  |9 258556 
650 7 |a MACEDONIA  |2 CL-VaPUC  |9 440099 
650 7 |a PERSAS  |2 CL-VaPUC  |9 318982 
650 0 |a Helenismo  |9 267485 
651 0 |a Asia  |9 268338 
651 7 |a IRAN  |2 CL-VaPUC  |9 314095 
583 |a last modification  |c 20000324 00:00:00  |k Rodrigo Vera 
490 0 |a Bibliothèque Historique 
999 |c 286297  |d 286295 
952 |0 0  |1 0  |4 0  |6 938_070000000000000_ALT_1954  |7 0  |8 A  |9 331831  |a BIBHIS  |b BIBHIS  |d 2019-11-20  |i 126060K  |o 938.07 ALT 1954  |p 126060K  |r 2025-01-20  |w 2019-11-20  |y BK  |k HIS